Βερολίνο

Αποθηκεύτηκε σε:
Λεπτομέρειες βιβλιογραφικής εγγραφής
Μορφή: Βιβλίο
Γλώσσα:Greek
Δημοσίευση: Αθήνα : Explorer, 2004 2004.
Σειρά:Οδηγοί του κόσμου
Θέματα:
Ετικέτες: Προσθήκη ετικέτας
Δεν υπάρχουν, Καταχωρήστε ετικέτα πρώτοι!

MARC

LEADER 00000cam a2200000 a 4500
001 1/115382
008 171025r20042000gr | ||| |||| ||gre||
020 |a 960830380Χ 
040 |a GR-MyUa  |b gre  |c GR-MyUa  |e AACR2 
041 1 |a gre 
082 7 |a 914.3   |2 (23) 
245 1 0 |a Βερολίνο /   |c επικεφαλής της έκδοσης Malgorzata Omilanowska.  
260 |a Αθήνα :   |b Explorer, 2004   |c 2004.  
300 |a 352 σ. :   |b έγχρ. εικ., χάρτες ;   |c 22 εκ.  
490 1 |a (Οδηγοί του κόσμου) 
500 |a "Ιστορία, Μουσεία, Διασκέδαση, Μπαρ, Πάρκα, Αρχιτεκτονική, Μουσική"--Εξώφυλλο.  
504 |a Περιέχει ευρετήριο και χάρτες.  
651 0 |a Berlin (Germany)  |x Guidebooks. 
651 0 |a Berlin (Germany)  |x Maps. 
700 1 |a Omilanowska, Malgorzata,  |e oth 
830 0 |a Οδηγοί του κόσμου 
852 |a INST  |b SAMOS  |e 20171025  |h 914.3 ΒΕΡ  |p 005300044912  |q 005300044912  |t BK  |y 0 
970 |a Γουβάλα  |b Βάσω  |z 2017-09